[Event "8th Danzhou Super GM 2017"]
[Site "Hainan"]
[Date "2017.07.09"]
[Round "1"]
[White "Malakhov, Vladimir"]
[Black "Ivanchuk, Vassily"]
[Result "1/2-1/2"]
[WhiteElo "2722"]
[BlackElo "2729"]
[Annotator "TA"]
[PlyCount "57"]
[EventDate "2017.??.??"]
[EventCountry "CHN"]
[SourceTitle "playchess.com"]
[Source "ChessBase"]
[SourceQuality "1"]

{[%evp 31,57,0,0,0,0,0,2,0,0,0,0,0,0,0,0,0,0,0,0,0,0,0,0,0,0,0,0,0]} 1. Nf3 Nf6 2. c4 g6 3. b3 Bg7 4. Bb2 c5 5. g3 b6 6. Bg2 Bb7 7. O-O O-O 8. Nc3 d5 9. Nxd5 Nxd5 10. Bxg7 Kxg7 11. cxd5 Qxd5 12. d4 Na6 13. Nh4 {[%cal Bf3h4,Bh4g2,Bg2f4][%mdl 32] A30: Symmetrical English: Double Fianchetto and Hedgehog} Qd7 14. dxc5 Qxd1 15. Rfxd1 Bxg2 16. Nxg2 Nxc5 {LiveBook: 5 Games. The position is equal.} 17. b4 Na6 18. a3 Rfd8 19. Nf4 Nc7 {[#]} 20. Rxd8 $146 Rxd8 $11 {[%mdl 4096] Endgame KRN-KRN} 21. Rc1 Rd7 22. f3 (22. Nd3 $5 {[%cal Rd3e5]}) 22... e5 23. Nd3 f6 24. a4 Kf7 25. Kf2 Ne6 26. Rc8 Rd8 27. Rc3 Rd7 28. Rc8 Rd8 29. Rc3 1/2-1/2

[Event "8th Danzhou Super GM 2017"]
[Site "Hainan"]
[Date "2017.07.09"]
[Round "1"]
[White "Naiditsch, Arkadij"]
[Black "Yu, Yangyi"]
[Result "1/2-1/2"]
[WhiteElo "2712"]
[BlackElo "2753"]
[Annotator "TA"]
[PlyCount "72"]
[EventDate "2017.??.??"]
[EventCountry "CHN"]
[SourceTitle "playchess.com"]
[Source "ChessBase"]
[SourceQuality "1"]

{[%evp 15,72,-5,0,-8,-14,-10,9,0,0,-32,-10,-15,-15,-12,-12,-20,-7,-21,-9,-16,-5,-4,-6,-22,-20,-18,-1,-14,-8,-22,12,-4,0,0,0,-16,0,0,0,-1,0,0,0,0,0,0,0,0,0,0,0,0,0,0,0,0,0,0,0]} 1. e4 e5 2. Nf3 Nf6 3. Nc3 Nc6 4. Bb5 Bc5 5. O-O O-O 6. d3 Nd4 7. Nxd4 Bxd4 8. Bc4 c6 9. Bb3 {C65: Ruy Lopez: Berlin Defence (3...Nf6), unusual lines and 4 0-0 Bc5} (9. Qf3 d6 10. h3 Ne8 11. Ne2 Bb6 12. Be3 Be6 13. Bxe6 fxe6 14. Qg4 Qe7 15. Kh1 Bxe3 16. fxe3 Nf6 17. Qg3 Nh5 18. Qg4 Nf6 19. Qg3 Nh5 20. Qg4 Nf6 {½-½ (20) Teran Alvarez,I (2422)-Arizmendi Martinez,J (2577) Linares 2013}) 9... a5 {[#] Hoping for ...Bxc3.} 10. a4 d5 $146 ({Predecessor:} 10... d6 11. Ne2 Bb6 12. c3 d5 13. exd5 Nxd5 14. d4 exd4 15. Nxd4 Re8 16. Be3 Bxd4 17. Bxd4 Qg5 18. f4 Qg6 19. Qd2 Bf5 {½-½ (19) Lundin,E-Michel,P Vienna 1951}) 11. exd5 Nxd5 12. Qe1 {Threatening Nxd5.} Be6 (12... Nf4 {feels hotter.} 13. Ne2 Re8 14. Qd2 Nxe2+ 15. Qxe2 Bf5) 13. Nxd5 {The position is equal.} Bxd5 ({But not} 13... cxd5 $6 14. c3 $14) 14. Bxd5 Qxd5 ({Of course not} 14... cxd5 15. c3 $14) 15. Qe2 Rad8 16. Be3 Rfe8 ({Wrong is} 16... Bxb2 $2 17. c4 $18) 17. Rfe1 Re6 18. Bxd4 Qxd4 19. b3 Qc3 20. Rad1 Rd5 21. Qd2 Qxd2 22. Rxd2 $11 {[%mdl 4096] Endgame KRR-KRR} Kf8 (22... e4 $5) 23. Kf1 Ke7 24. h4 e4 25. Red1 exd3 26. Rxd3 Rxd3 27. Rxd3 {KR-KR} Re5 28. f3 b5 29. c4 bxa4 30. bxa4 h5 31. Kf2 g6 32. Rd4 Re6 33. Rd3 Re5 34. Rd4 Re6 35. Rd3 Re5 36. Rd4 Re6 {Precision: White = 46%, Black = 65%.} 1/2-1/2

[Event "8th Danzhou Super GM 2017"]
[Site "Hainan"]
[Date "2017.07.09"]
[Round "1"]
[White "Wang, Hao"]
[Black "Ding, Liren"]
[Result "1/2-1/2"]
[WhiteElo "2698"]
[BlackElo "2781"]
[Annotator "TA"]
[PlyCount "51"]
[EventDate "2017.??.??"]
[EventCountry "CHN"]
[SourceTitle "playchess.com"]
[Source "ChessBase"]
[SourceQuality "1"]

{[%evp 31,51,0,0,0,0,0,34,15,66,0,0,0,0,0,0,0,0,0,0,0,0,0]} 1. d4 Nf6 2. c4 e6 3. Nf3 d5 4. Nc3 c6 5. e3 Nbd7 6. Qc2 Bd6 7. Be2 O-O 8. O-O b6 9. b3 Bb7 10. Bb2 Qe7 11. Rad1 Rad8 12. Rfe1 Rfe8 13. Bf1 {D45: Semi-Slav: 5 e3} e5 14. dxe5 Nxe5 15. Nxe5 (15. Nd4 dxc4 16. Nf5 Qe6 17. Nxd6 Rxd6 18. Rxd6 Qxd6 19. Rd1 cxb3 20. axb3 Qb8 {½-½ (30) Svidler,P (2755)-Gelfand,B (2724) Moscow 2017}) 15... Bxe5 16. cxd5 cxd5 {LiveBook: 5 Games. And now ...Rc8 would win.} 17. Nb5 Rc8 18. Qb1 $146 ({Predecessor:} 18. Qe2 Ba6 19. Bxe5 Qxe5 20. Qd2 Bxb5 21. Bxb5 Re7 22. Rc1 Rec7 23. Rxc7 Rxc7 24. Rc1 Rxc1+ 25. Qxc1 g6 {½-½ (25) Lauber,A (2444)-Perunovic,M (2627) Warsaw 2016}) 18... d4 {Strongly threatening ...Ng4.} (18... Bxh2+ $5 19. Kxh2 Ng4+ 20. Kg3 Qg5 $16) 19. h3 {[#]} ({Don't blunder} 19. Nxd4 $2 Ng4 $19) 19... Ng4 $1 {[%mdl 512]} 20. hxg4 (20. Qf5 $1 $14 dxe3 21. Qxg4 exf2+ 22. Kxf2 Rc2+ 23. Kg1 Rxb2 {[#]} 24. Nd6 $1 {[%mdl 512]}) 20... Qh4 $11 {[%csl Ge5][%cal Rh4h2] The position is equal.} 21. f4 dxe3 22. Rxe3 Bxf4 {[%cal Rf4e3]} 23. Rh3 Qxh3 24. gxh3 Be3+ 25. Kh2 Bf4+ 26. Kg1 1/2-1/2

[Event "8th Danzhou Super GM 2017"]
[Site "Hainan"]
[Date "2017.07.09"]
[Round "1"]
[White "Lu, Shanglei"]
[Black "Wei, Yi"]
[Result "0-1"]
[WhiteElo "2638"]
[BlackElo "2738"]
[Annotator "TA"]
[PlyCount "56"]
[EventDate "2017.??.??"]
[EventCountry "CHN"]
[SourceTitle "playchess.com"]
[Source "ChessBase"]
[SourceQuality "1"]

{[%evp 19,56,-12,0,-31,-25,-2,-11,-39,-27,-41,-13,-34,-36,-75,-31,-19,-22,-25,-27,-40,-41,-40,-33,-150,-157,-168,-166,-154,-141,-300,-307,-722,-741,-730,-686,-733,-694,-877,-896]} 1. e4 c5 2. Nf3 Nc6 3. Bb5 g6 4. O-O Bg7 5. Re1 Nf6 {[%cal Bg8f6,Bf6d5,Bd5c7][%mdl 32]} 6. e5 Nd5 7. Nc3 Nc7 8. Bc4 {B31: Sicilian: 2...Nc6 3 Bb5 g6} (8. Bxc6 dxc6 9. Ne4 b6 10. Nf6+ Kf8 11. Ne4 h6 12. h3 g5 13. Ng3 g4 14. Nh4 h5 15. d3 gxh3 {0-1 (15) Artemiev,V (2663)-Alekseev,E (2636) Sochi 2016}) 8... O-O 9. d3 b6 10. Bf4 Bb7 {LiveBook: 4 Games} (10... d5 $5 {[%cal Rd5c4]} 11. exd6 exd6 $14) 11. a3 d6 $146 ({Predecessor:} 11... Ne6 12. Bg3 Rc8 13. h4 h5 {0-1 (65) Dzhumaev,M (2498)-Venkatesh,M (2392) Chennai 2004}) 12. exd6 exd6 13. Ba2 Qd7 14. Qd2 Rae8 15. Rxe8 Rxe8 16. Re1 Ne5 17. Nxe5 dxe5 18. Bh6 Kh8 19. Bxg7+ Kxg7 20. b4 Qd4 $40 {[%mdl 128] Black is up to no good.} 21. Ne2 (21. Rb1 $15) 21... Qb2 $17 22. Bc4 b5 ({Don't do} 22... Qxa3 23. b5 $17) 23. Bb3 Qxa3 24. Ng3 $2 (24. bxc5 $17 Qxc5 25. Ng3) 24... Qxb4 $19 25. Nf5+ $2 (25. Qxb4 cxb4 26. Ra1) 25... gxf5 {Black is clearly winning.} 26. Qg5+ Kf8 {[%cal Rb4e1] [#]} 27. Qh6+ Ke7 {[%cal Rb4e1]} 28. Rxe5+ Kd7 {Precision: White = 13%, Black = 68%.} 0-1

[Event "8th Danzhou Super GM 2017"]
[Site "Hainan"]
[Date "2017.07.10"]
[Round "2"]
[White "Ding, Liren"]
[Black "Le, Quang Liem"]
[Result "1/2-1/2"]
[WhiteElo "2781"]
[BlackElo "2726"]
[Annotator "TA"]
[PlyCount "88"]
[EventDate "2017.??.??"]
[EventCountry "CHN"]
[SourceTitle "playchess.com"]
[Source "ChessBase"]
[SourceQuality "1"]

{[%evp 18,88,20,15,21,4,41,43,59,12,22,0,0,0,27,-54,-41,-31,-17,-22,85,0,5,-47,-54,-78,-90,-76,-78,-80,-63,-102,-86,-130,-110,-154,-102,-121,-87,-241,-231,-396,-350,-357,-383,-370,-280,-317,-303,-305,-299,-255,0,-249,0,0,0,0,0,0,0,0,0,0,0,0,0,0,0,0,0,0,0]} 1. c4 c5 2. g3 Nc6 3. Bg2 g6 4. Nc3 Bg7 5. Rb1 e6 6. a3 a5 7. e4 Nge7 8. Nge2 O-O 9. O-O d6 10. d3 b6 {A36: Symmetrical English vs ...g6: 4 Bg2 Bg7} 11. Be3 Bb7 $146 ({Predecessor:} 11... Ba6 12. f4 Rc8 13. Kh1 f5 14. b3 Nd4 15. Bf2 Nxe2 16. Nxe2 fxe4 17. dxe4 b5 18. Qc2 {1-0 (52) Hamdouchi,H (2591)-Botta,G (2270) Zuerich 2010}) 12. d4 a4 {White is slightly better.} 13. d5 Ne5 14. dxe6 fxe6 15. Nf4 Bc8 16. Qe2 (16. Bh3 $11) 16... N7c6 $1 $15 17. Nb5 Qe7 18. Rfd1 Rd8 (18... Na5 $11 {keeps the balance.} 19. Rbc1 (19. Nxd6 Ba6 $15) 19... Rd8) 19. Rbc1 ({White should try} 19. Nh3 $1 $16) 19... Na5 20. Rc2 (20. Nh3 $11) 20... Bd7 21. Bh3 g5 22. Nxe6 Bxe6 {[#]} 23. Bxg5 $1 {[%mdl 512]} Qxg5 ({Don't play} 23... Bf6 $6 24. Bxe6+ Qxe6 25. Nc7 $14) 24. Bxe6+ Kh8 25. Bf5 {[#] Black should prevent f4.} Qh6 $1 26. Rd5 Nb3 (26... Nec6 $142 27. Qd1 Nb3 28. Nxd6 Rf8) 27. Qd1 $17 Nd4 28. Rc3 $2 (28. Nxd4 $17 cxd4 29. f4) 28... Nec6 $19 29. Bxh7 $2 (29. Nxd4 Bxd4 30. Rc2) 29... Qxh7 30. Rh5 Bh6 31. g4 Kg7 32. g5 Qxe4 33. Re3 Qf4 34. Rxh6 {Strongly threatening Qh5.} Ne5 $2 ({Better is} 34... Qxg5+ $19 35. Rg3 Kxh6 36. Rxg5 Kxg5 37. Qc1+ Kg6) 35. Qh5 $2 (35. Nxd4 $11 {and White stays safe.} cxd4 {[#]} 36. Qh5 $3 {[%mdl 512]}) 35... Rh8 $2 (35... Ndf3+ $19 36. Kf1 Qf5) 36. Nxd4 $1 $11 {The position is equal.} cxd4 {[#]} 37. Rxe5 $1 $40 {[%mdl 640] White is up to no good.} Qxe5 (37... dxe5 38. Qg6+) 38. Qg6+ Kf8 {aiming for ...Rg8.} 39. Rxh8+ Qxh8 40. Qf5+ Ke7 (40... Kg7 $5 41. Qf6+ $8 Kg8 42. Qe6+ Kg7 43. Qf6+ Kg8 44. Qe6+ Kg7 45. Qf6+ $11) 41. Qe4+ Kf7 {White must now prevent ...Re8.} (41... Qe5 $5 {[%cal Re5e4]} 42. Qxa8 Qxg5+ 43. Kh1 Qc1+ 44. Kg2 Qxc4 $11) 42. Qf5+ Ke7 43. Qe4+ Kf7 {Threatens to win with ...Re8.} (43... Qe5 $5 {[%cal Re5e4]} 44. Qb7+ Ke6 45. Qxa8 Qxg5+ 46. Kh1 Qc1+ 47. Kg2 Qg5+ 48. Kf3 Qh5+ 49. Kg2 Qg4+ 50. Kf1 Qd1+ 51. Kg2 Qg4+ 52. Kf1 Qd1+ 53. Kg2 Qg4+ $11) 44. Qf5+ Ke7 {Precision: White = 33%, Black = 55%.} (44... Kg7 $5 45. Qf6+ $8 Kg8 46. Qe6+ Kf8 47. Qf5+ Kg7 48. Qf6+ Kg8 49. Qe6+ Kg7 50. Qf6+ $11) 1/2-1/2

[Event "8th Danzhou Super GM 2017"]
[Site "Hainan"]
[Date "2017.07.10"]
[Round "2"]
[White "Yu, Yangyi"]
[Black "Wang, Hao"]
[Result "1/2-1/2"]
[WhiteElo "2753"]
[BlackElo "2698"]
[Annotator "TA"]
[PlyCount "115"]
[EventDate "2017.??.??"]
[EventCountry "CHN"]
[SourceTitle "playchess.com"]
[Source "ChessBase"]
[SourceQuality "1"]

{[%evp 14,115,26,23,27,27,31,32,35,34,35,39,33,23,28,0,6,10,11,7,16,-22,-16,-39,14,-11,-12,-11,-8,-11,0,0,90,90,90,90,90,90,90,90,97,90,93,85,92,90,93,90,91,90,90,90,90,90,90,71,90,26,101,101,101,101,122,122,122,122,122,122,122,122,122,122,122,122,122,122,122,122,122,122,122,23,23,23,23,-85,-90,-89,-78,-62,0,0,0,0,0,0,0,0,0,0,0,0,0,0]} 1. d4 d5 2. c4 c6 3. cxd5 cxd5 4. Bg5 h6 (4... Nc6 5. Nc3 Nf6 6. Bxf6 gxf6 7. e3 a6 8. Rc1 Bf5 9. Bd3 Bg6 10. f4 f5 11. h4 h5 12. Nf3 e6 13. Na4 f6 {½-½ (39) Grischuk,A (2761)-Carlsen,M (2832) Paris 2017}) 5. Bh4 Qb6 6. Nc3 {D10: Slav Defence: 3 cxd5 (without early Nf3) and 3 Nc3} e6 7. Qd2 Nc6 8. e3 {LiveBook: 6 Games. White has an edge.} Be7 9. Nf3 $146 ({Predecessor:} 9. Bg3 Nf6 10. f3 O-O 11. Bd3 Nh5 {1-0 (60) Ostojic,N (2430)-Ozen,D (2165) Belgrade 2016}) 9... Bxh4 10. Nxh4 Nf6 11. Bd3 Qd8 12. Nf3 b6 13. Ne5 Bb7 14. f4 Rc8 15. O-O O-O 16. Rfc1 Ne7 17. Qc2 Ne4 18. Qa4 Nxc3 (18... f6 $15 19. Ng4 Nd6) 19. bxc3 Nc6 20. Nxc6 Bxc6 21. Qa3 Qd7 22. Rab1 Rc7 {[#]} (22... Rfd8 $11) 23. Bh7+ $1 $16 {[%mdl 512]} Kxh7 24. Qxf8 Bb5 25. Qa3 Bd3 26. Rb4 Qc8 27. Qb2 Be4 28. h3 Qa6 29. Qd2 Qc8 30. Kh2 Rc6 31. Qe2 Qc7 32. Rb3 Rc4 33. Qb2 Rc6 34. Qa3 Rc4 35. Rb2 (35. Rb4 $16) 35... h5 (35... g5 $11 {keeps the balance.}) 36. Rb4 Rc6 37. Qb2 g6 38. Qd2 Kg7 39. Qe1 Kg8 40. Rb3 Rc4 41. Qf2 Qe7 42. Kg1 Qc7 43. Qe1 Ra4 44. Qd2 Rc4 45. Rb4 Rc6 46. Qb2 Bd3 {[#]} 47. Kh2 ({White should play} 47. a4 $1 $16) 47... a5 $1 $11 {[%cal Ra5b4]} 48. Rb3 Bc4 49. Kg1 (49. Ra3 $11) 49... Bxb3 $17 50. Qxb3 {[%mdl 4096] Endgame KQR-KQR} Rc4 51. Kf2 Rxd4 (51... Qc6 $15) 52. cxd4 $11 {The position is equal.} Qxc1 53. Qxb6 $15 {KQ-KQ} Qd2+ 54. Kf3 Qxa2 55. Qb8+ Kg7 {Threatens to win with ...Qc4.} 56. Qe5+ Kg8 57. Qb8+ Kg7 {aiming for ...Qc4.} 58. Qe5+ {Precision: White = 57%, Black = 56%.} 1/2-1/2

[Event "8th Danzhou Super GM 2017"]
[Site "Hainan"]
[Date "2017.07.10"]
[Round "2"]
[White "Ivanchuk, Vassily"]
[Black "Wei, Yi"]
[Result "1/2-1/2"]
[WhiteElo "2729"]
[BlackElo "2738"]
[Annotator "TA"]
[PlyCount "87"]
[EventDate "2017.??.??"]
[EventCountry "CHN"]
[SourceTitle "playchess.com"]
[Source "ChessBase"]
[SourceQuality "1"]

{[%evp 15,87,37,25,17,34,38,28,37,25,29,22,32,40,34,43,43,36,47,45,29,53,48,45,43,54,46,39,42,52,52,41,36,44,38,44,45,52,35,47,40,52,49,50,49,53,54,49,51,43,50,71,60,70,64,54,60,56,18,18,18,18,15,26,18,18,14,31,12,28,19,28,4,20,8]} 1. d4 Nf6 2. c4 e6 3. Nf3 d5 4. e3 c5 5. cxd5 exd5 6. Bb5+ Bd7 7. Bxd7+ Nbxd7 8. dxc5 Nxc5 9. O-O {D30: Queen's Gambit Declined: Systems without Nc3} g6 $146 ({Predecessor:} 9... Be7 10. Nc3 O-O 11. b3 Nce4 12. Ne2 Qa5 13. Bb2 Ba3 14. Bxa3 Qxa3 15. Qc1 Qa6 16. Qb2 Rac8 17. Nfd4 Rc7 18. Rac1 Rfc8 19. a4 {1-0 (60) Aronian,L (2780)-Caruana,F (2805) Stavanger 2015}) 10. b4 Nce4 11. Bb2 {White has an edge.} Bg7 12. Nc3 O-O 13. Qb3 Ng4 14. h3 Bxc3 15. Bxc3 Nxc3 16. Qxc3 Nf6 17. Rfc1 Re8 18. a3 a6 19. Qd4 Re4 20. Qc5 Re8 21. Qc7 Re7 22. Qxd8+ Rxd8 23. Rc2 Kf8 24. Kf1 Ke8 25. Rd1 Rdd7 26. g4 h6 27. Rc8+ Rd8 28. Rc5 Red7 29. Ke2 Ne4 30. Rc2 Re7 31. a4 Re6 32. Nd4 Re7 33. h4 Nd6 34. Rc5 Ne4 35. Rcc1 Nd6 36. h5 gxh5 37. gxh5 Re5 38. Rh1 Nf5 39. Nxf5 Rxf5 40. Rc5 Rf6 41. Rh4 Ke7 42. a5 Rd7 43. Rc8 Rd8 44. Rc7+ {Precision: White = 67%, Black = 68%.} 1/2-1/2

[Event "8th Danzhou Super GM 2017"]
[Site "Hainan"]
[Date "2017.07.10"]
[Round "2"]
[White "Malakhov, Vladimir"]
[Black "Naiditsch, Arkadij"]
[Result "1/2-1/2"]
[WhiteElo "2722"]
[BlackElo "2712"]
[Annotator "TA"]
[PlyCount "130"]
[EventDate "2017.??.??"]
[EventCountry "CHN"]
[SourceTitle "playchess.com"]
[Source "ChessBase"]
[SourceQuality "1"]

{[%evp 33,130,22,24,24,30,16,37,36,30,31,33,29,42,37,30,45,30,33,56,34,39,42,45,6,6,9,5,0,0,-14,-13,-20,-6,0,0,0,0,0,0,0,0,0,0,-6,0,-8,-8,-21,-15,-15,-15,-23,-8,-8,-8,-8,-8,-8,-8,-8,-8,-8,0,0,0,0,0,-10,0,-8,0,0,0,-8,0,-8,-8,-8,-8,-8,-8,-8,0,0,0,0,0,0,0,0,0,0,0,0,0,0,0,0,0]} 1. e4 c5 2. Nf3 d6 3. d4 Nf6 4. Nc3 cxd4 5. Nxd4 a6 6. g3 Bd7 7. Bg2 Nc6 8. O-O e6 9. Be3 Be7 10. Nxc6 Bxc6 11. a4 O-O 12. a5 Nd7 13. Na4 f5 {B80: Sicilian Scheveningen: 6 g3 and 6 Be3, including English Attack} (13... Rc8 14. Nb6 Nxb6 15. Bxb6 Qd7 16. Re1 f5 17. Qd3 f4 18. Rad1 Bb5 19. Qd2 e5 20. f3 Kh8 21. b3 fxg3 22. hxg3 {0-1 (105) Demchenko,A (2592)-Gupta,A (2633) Olongapo City 2015}) 14. Nb6 Nxb6 15. Bxb6 Qd7 16. Qd3 fxe4 17. Bxe4 Bxe4 {LiveBook: 7 Games} 18. Qxe4 Bd8 19. Bd4 $146 ({Predecessor:} 19. Bxd8 Raxd8 20. f4 Rc8 21. Rfd1 {½-½ (41) Guidici,G (2369)-Solari,A (2373) ICCF email 2004}) 19... Bf6 20. Rad1 d5 21. Qe3 Qc6 22. c3 Rae8 23. f4 Qb5 24. Bc5 Rf7 {[%cal Bf8f7,Bf7c7,Bc7c8][%mdl 32]} 25. b4 Rc7 26. Rf3 Qc4 27. Re1 Rcc8 28. Qd3 Qxd3 29. Rxd3 Kf7 30. f5 (30. Rde3 {feels hotter.} g6 31. Kg2 h5 32. h3 Rcd8 33. R1e2) 30... exf5 31. Rxe8 Kxe8 32. Rxd5 Bxc3 33. Rxf5 $11 {[%mdl 4096] Endgame KRB-KRB} Bf6 34. g4 {[%cal Bg3g4,Bg4g5][%mdl 32]} Rd8 35. g5 Bc3 36. Rf4 Rd2 37. Rc4 Ba1 38. Bb6 Ke7 39. Rh4 Kf7 40. Re4 Rd7 41. Kg2 Kg6 42. Be3 Rd5 (42... Kf5 $5 {[%cal Rf5e4]} 43. Rf4+ Ke6 $11) 43. Kf3 {The position is equal.} Be5 44. h4 {[%cal Bh2h4,Bh4h5,Bh5h6][%mdl 32]} Kf5 45. h5 Rd3 46. Rh4 Rb3 47. Ke2 Ke6 48. h6 {[#] Strongly threatening g6!} g6 49. Bd2 Kd5 50. Kd1 Rb2 (50... Bg3 $5 {[%cal Rg3h4]} 51. Rg4 Bd6 $15) 51. Rg4 Ra2 52. Rh4 Rb2 53. Rg4 Rb3 54. Kc2 Rf3 55. Rg1 Rf2 56. Kd3 Bd6 57. Rb1 Rf3+ 58. Ke2 Rf7 59. b5 axb5 60. Rxb5+ Kc4 61. Rb1 Re7+ 62. Kf3 Rf7+ 63. Ke4 Re7+ 64. Kf3 Rf7+ 65. Ke4 Re7+ {Precision: White = 70%, Black = 59%.} 1/2-1/2

[Event "8th Danzhou Super GM 2017"]
[Site "Hainan"]
[Date "2017.07.10"]
[Round "2"]
[White "Ponomariov, Ruslan"]
[Black "Lu, Shanglei"]
[Result "1/2-1/2"]
[WhiteElo "2699"]
[BlackElo "2638"]
[Annotator "TA"]
[PlyCount "94"]
[EventDate "2017.??.??"]
[EventCountry "CHN"]
[SourceTitle "playchess.com"]
[Source "ChessBase"]
[SourceQuality "1"]

{[%evp 21,94,10,18,0,2,0,0,0,23,17,26,28,28,23,27,13,18,14,14,12,19,22,36,29,45,13,10,4,7,0,0,0,0,0,0,0,0,0,10,10,7,7,0,0,0,0,0,0,0,0,0,0,0,0,0,0,0,0,0,0,0,0,0,0,0,0,0,0,0,0,0,0,0,0,0]} 1. c4 e6 2. g3 Nf6 3. Bg2 d5 4. Nf3 c5 5. cxd5 Nxd5 6. O-O Nc6 7. d4 Be7 8. dxc5 Bxc5 9. Qc2 Qe7 10. Nc3 Nxc3 11. Qxc3 O-O 12. Bf4 $146 {E06: Closed Catalan: Early deviations} ({Predecessor:} 12. Be3 Bxe3 13. Qxe3 e5 14. Rac1 Rd8 15. Nd2 Nd4 16. Nb3 Nxb3 17. axb3 Qd6 18. Rc5 Qd4 19. Qxe5 Qxe5 20. Rxe5 Be6 21. Rc1 Rd7 22. f4 g6 23. Bf3 Rad8 24. Kf2 b6 25. b4 {½-½ (25) Nielsen,P (2475)-Hansen,L (2545) Denmark 1994}) 12... f6 13. Rac1 Bb6 $1 14. Be3 Bxe3 15. Qxe3 e5 16. Nd2 Nd4 17. Nb3 Nxb3 18. Qxb3+ Be6 19. Qa4 Rfd8 20. Rfd1 Rxd1+ 21. Rxd1 h6 22. b3 Kh8 23. e3 {[%cal Be2e3,Be3e4][%mdl 32]} Rd8 {The position is equal.} 24. Rxd8+ Qxd8 25. h4 ({Not} 25. Bxb7 $2 Bh3 $19) 25... Bd5 26. e4 (26. Qg4 $5 {[%cal Rg4d1]} Bxg2 27. Kxg2 $11) 26... Bc6 27. Qxa7 Qd1+ 28. Kh2 Qc2 29. b4 Kh7 30. a3 Bxe4 31. Qc5 {Black must now prevent Qxc2.} Qb1 32. a4 (32. Qc4 {with more complications.} Bd3 33. Qe6 Be4 34. Qg4 Bf5 35. Qf3) 32... Bxg2 $1 33. Kxg2 $11 {[%mdl 4096] Endgame KQ-KQ} Qe4+ 34. Kh2 f5 35. Qe3 {[#] Strongly threatening Qxe4.} Qxb4 36. Qxe5 Qb1 37. a5 h5 38. Qe2 g6 39. Qe7+ Kg8 40. Qf6 Kh7 41. Qf7+ Kh6 42. Qg8 {[%cal Rg8h8] [#]} (42. Qf8+ {keeps more tension.} Kh7 43. Qc5 Qe4 44. Qc7+ Kh6 45. Qd7) 42... Qb2 43. Kg2 Qe5 44. Qf8+ Kh7 45. Qf7+ Kh6 46. Qf8+ Kh7 47. Qf7+ Kh6 {Precision: White = 69%, Black = 92%.} 1/2-1/2

[Event "8th Danzhou Super GM 2017"]
[Site "Hainan"]
[Date "2017.07.11"]
[Round "3"]
[White "Wei, Yi"]
[Black "Ponomariov, Ruslan"]
[Result "1-0"]
[WhiteElo "2738"]
[BlackElo "2699"]
[Annotator "TA"]
[PlyCount "79"]
[EventDate "2017.??.??"]
[EventCountry "CHN"]
[SourceTitle "playchess.com"]
[Source "ChessBase"]
[SourceQuality "1"]

{[%evp 17,79,-15,0,0,33,0,0,0,0,0,0,0,0,0,-6,-11,0,-70,-67,-113,-113,-126,-93,-73,0,-8,0,-82,51,53,185,172,178,179,179,150,172,132,178,162,272,267,255,272,272,270,269,264,247,243,322,310,438,356,576,567,2756,2267,1215,4143,4132,4132,2410,1927]} 1. Nf3 Nf6 2. c4 e6 3. g3 d5 4. Bg2 dxc4 5. O-O Nbd7 6. Qc2 Nb6 {A13: English Opening: 1...e6} (6... c5 7. Na3 Nd5 8. Nxc4 b5 9. Ne3 Bb7 10. Nxd5 Bxd5 11. e4 Bb7 12. d4 cxd4 13. Nxd4 Rc8 14. Qe2 {1-0 (58) Aronian,L (2774)-Naiditsch,A (2702) Karlsruhe 2017}) 7. a4 a5 8. Na3 Bxa3 9. Rxa3 O-O {LiveBook: 4 Games} 10. e4 $146 ({Predecessor:} 10. d3 cxd3 11. Rxd3 Nbd5 12. Ne5 Qd6 13. Bf4 Qe7 14. Bd2 {0-1 (43) Vishnu,P (2340)-Van den Doel,E (2574) Leiden 2011}) 10... e5 11. Nxe5 Qd4 12. Qc3 Qxc3 13. Rxc3 Be6 14. d4 Nxa4 15. Ra3 b5 16. f4 Nb6 17. g4 ({White should play} 17. Ra1 $11) 17... Nxg4 $15 ({Of course not} 17... Bxg4 $6 18. Nxg4 Nxg4 19. e5 $11) 18. f5 Nxe5 19. dxe5 Bd7 20. Rg3 Bc6 (20... b4 $17) 21. Bh6 $1 $11 {[%cal Rh6g7]} g6 22. Rg5 (22. h4 $11) 22... c3 (22... Na4 $17 23. Bxf8 Rxf8) 23. bxc3 $14 Nc4 ({Black should try} 23... Nd7 $14) 24. fxg6 fxg6 {aiming for ...Rxf1+.} 25. Bxf8 Rxf8 {[#]} 26. e6 $1 Be8 {[#]} 27. Rd1 $1 {Rc5 is the strong threat.} Rf6 28. Rd8 Kf8 (28... Rxe6 $142 29. Rxb5 Nd6) 29. Rxb5 $1 $18 Ke7 30. Rbb8 Bc6 31. Rdc8 Rxe6 {intending ...Kd6.} 32. Rxc7+ Kd6 33. Rxh7 a4 34. Ra7 Kc5 {[#]} (34... Re5 {was worth a try.} 35. Rg8 Re6) 35. e5 $1 {[%cal Be4e5,Be5e6][%mdl 32]} Bxg2 $2 (35... Nxe5 36. Ra5+ Kc4 37. Bxc6 Nxc6) 36. Kxg2 {White is clearly winning.} a3 37. Rc7+ Rc6 38. Rxc6+ Kxc6 39. Rc8+ Kd5 {[#]} 40. e6 $1 {Precision: White = 74%, Black = 38%.} 1-0

[Event "8th Danzhou Super GM 2017"]
[Site "Hainan"]
[Date "2017.07.11"]
[Round "3"]
[White "Le, Quang Liem"]
[Black "Yu, Yangyi"]
[Result "1/2-1/2"]
[WhiteElo "2726"]
[BlackElo "2753"]
[Annotator "TA"]
[PlyCount "108"]
[EventDate "2017.??.??"]
[EventCountry "CHN"]
[SourceTitle "playchess.com"]
[Source "ChessBase"]
[SourceQuality "1"]

{[%evp 28,108,19,39,30,26,29,27,25,2,29,29,27,18,12,18,25,21,11,0,0,-57,41,26,39,43,73,43,68,83,68,64,99,96,87,75,89,84,96,96,95,84,111,76,76,71,76,76,91,84,89,76,103,76,84,0,0,0,0,0,0,0,0,0,0,0,0,0,0,0,0,0,0,0,0,0,0,0,0,0,0,0,0]} 1. d4 Nf6 2. c4 e6 3. Nf3 d5 4. Nc3 Be7 5. Bf4 O-O 6. e3 c5 7. dxc5 Bxc5 8. a3 Nc6 9. Qc2 Qa5 10. Rd1 Re8 {D37: Queen's Gambit Declined: 5 Bf4} 11. Nd2 e5 12. Bg5 Nd4 13. Qb1 Bf5 14. Bd3 Bxd3 15. Qxd3 {[#] LiveBook: 5 Games. aiming for Bxf6.} Ne4 $1 {[%cal Re4g5][%mdl 512]} 16. cxd5 (16. Ncxe4 dxe4) (16. Ncxe4 dxe4 17. Qxe4 Qb6 18. Rb1 {½-½ (28) Ding,L (2760)-Nakamura,H (2785) Sharjah 2017}) 16... Nxc3 $1 17. bxc3 Nb5 $1 18. Ne4 Nd6 $146 19. Nxd6 Bxd6 20. e4 $1 Rec8 21. Bd2 Qa4 22. O-O Qc4 23. Qf3 Bxa3 24. h4 (24. Rb1 $11) 24... Rf8 (24... a5 $15) 25. h5 $14 f6 26. Ra1 $36 {[%mdl 2048] White is more active.} Bd6 27. Qf5 {Strongly threatening Qe6+.} Qc8 28. Qxc8 Rfxc8 29. Rfb1 b6 30. Kf1 Bc5 31. Ke2 Rc7 32. Ra6 Rb8 33. Rba1 Rbb7 34. f4 Bd6 35. fxe5 Bxe5 36. Kd3 Kf7 37. Rc1 Ke7 38. c4 Kd7 39. Be3 Rc8 40. Rb1 Rcc7 41. c5 ({White should try} 41. g4 $16) 41... bxc5 $11 {The position is equal.} 42. Rxb7 c4+ 43. Ke2 Rxb7 44. Rxa7 Rxa7 45. Bxa7 {[%mdl 4096] Endgame [#] KB-KB} f5 $1 {[%mdl 512]} 46. Bc5 (46. exf5 Kd6) 46... fxe4 47. Ke3 c3 {...Bf6 is the strong threat.} 48. Kxe4 c2 49. Ba3 $1 Bf6 {And now ...Bg5 would win.} (49... Bd6 $5 {[%cal Rd6a3]} 50. Bb2 Bc5 $11) 50. Kd3 Be7 51. Bb2 Bf6 52. Ba3 Be7 53. Bb2 Bf6 54. Ba3 Be7 {Precision: White = 68%, Black = 45%.} 1/2-1/2